000 00643nam a2200253Ia 4500
003 OSt
005 20220912151950.0
006 a|||||r|||| 00| 0
007 ta
008 220909b |||||||| |||| 00| 0 eng d
024 _a63428
037 _cTextual
040 _aCSL
_beng
_cCSL
041 _aeng
082 _aL:4725n1:N, K0
100 _aLee Clark Randolph Ed.
245 0 _aYear book of cancer
260 _c1960
300 _ap.
_ccm.
650 _aDisease
700 _a Cumley Russell W Ed.
942 _hL:4725n1:N, K0
_cTEXL
_2CC
999 _c78316
_d78316